00653nam a2200193Ia 4500008004100000020001800041082001200059100001900071245004100090250000800131260004600139300002800185500001900213600002100232650005000253942000700303952013200310999001700442240925s9999 xx 000 0 und d a9788131711040 a003 TAH aHamdy ,A. Taha 0aOperations Research: an introduction a8th aNew Delhi:bPearson Printice Hallc,2008. axiii,521p.bNAfPirated aIncludes Index aComputer Science aComputer science, information & general works cBK 001040708CSaUITUbUITUd2009-08-31eParamount Book Pvt Ltdg1150.00l0o003 TAHpQ8026r2024-09-25 07:14:49w2024-09-25yBK c10525d10525